000 00316nam a2200145Ia 4500
008 230917s9999||||xx |||||||||||||| ||und||
020 _cRS170
040 _e141664
_aMAIN
041 _aEnglish
082 _a954.01 J334V
100 _aJaiswal
245 0 _aValmiki yugin bharat
300 _a618p p.
942 _cBK
999 _c38416
_d38416